Here, there and everywhere: (Record no. 157604)
[ view plain ]
| 000 -LEADER | |
|---|---|
| fixed length control field | 00919nam a22002177a 4500 |
| 005 - DATE AND TIME OF LATEST TRANSACTION | |
| control field | 20190916171827.0 |
| 010 ## - LCCN (DPL NO) | |
| LC control number | B-706480 |
| 020 ## - INTERNATIONAL STANDARD BOOK NUMBER | |
| International Standard Book Number | 9780143444343 |
| Terms of availability | 250.00 |
| 035 ## - SYSTEM CONTROL NUMBER | |
| System control number | B-706480 |
| 035 ## - SYSTEM CONTROL NUMBER | |
| System control number | B-729999 |
| 037 ## - SOURCE OF ACQUISITION | |
| Source of stock number/acquisition | Penguin Random House |
| Stock number | dpl |
| 082 ## - DEWEY DECIMAL CLASSIFICATION NUMBER | |
| Classification number | S |
| 100 ## - MAIN ENTRY--PERSONAL NAME | |
| Personal name | Murty, Sudha |
| 245 ## - TITLE STATEMENT | |
| Title | Here, there and everywhere: |
| Remainder of title | best loved stories of Sudha Murty / |
| Statement of responsibility, etc | Sudha Murty |
| 260 ## - PUBLICATION, DISTRIBUTION, ETC. (IMPRINT) | |
| Place of publication, distribution, etc | New Delhi |
| Name of publisher, distributor, etc | Penguin Random House |
| Date of publication, distribution, etc | 2018 |
| 270 ## - ADDRESS | |
| Address | 7th Floor, Infinity Tower C, DLF Cyber City |
| City | Gurgaon (Haryana) |
| Postal code | 122002 |
| 300 ## - PHYSICAL DESCRIPTION | |
| Extent | xi, 243p. |
| Dimensions | 20cm.(pbk) |
| 942 ## - ADDED ENTRY ELEMENTS (KOHA) | |
| Institution code [OBSOLETE] | dpl |
| Item type | English Books |
| Source of classification or shelving scheme | Dewey Decimal Classification |
| Classification part | S |
| Call number suffix | MUR |
| Withdrawn status | Lost status | Not for loan | Collection code | Home library | Current library | Date acquired | Source of acquisition | Cost, normal purchase price | Full call number | Barcode | Copy number | Cost, replacement price | Koha item type |
|---|---|---|---|---|---|---|---|---|---|---|---|---|---|
| Fiction | Central Library | Central Library | 20/09/2018 | Gift /Eng /14.09.2018 | 250.00 | S MUR | B-706480 | 1 | 250.00 | Children Books | |||
| Fiction | Sarojini Nagar | Sarojini Nagar | 17/09/2019 | Gift /Eng /13.09.2019 | 250.00 | S MUR | B-729999 | 1 | 250.00 | Children Books |
